|
|
|
|
| LEADER |
01603nam a2200277 a 4500 |
| 003 |
GR-PaULI |
| 005 |
20200122121136.0 |
| 008 |
191126muuuu2006gr f |||| 00| 0 gre d |
| 952 |
|
|
|0 0
|1 0
|2 ddc
|3 τ. 2
|4 0
|6 880_900000000000000_KRA
|7 0
|9 237405
|a LISA
|b LISA
|c BSC
|d 2019-11-26
|i 1481
|l 0
|o 880.9 KRA
|p 025000265941
|r 2019-11-26 00:00:00
|t 1
|v 2019.00
|w 2019-11-26
|y BK15
|
| 999 |
|
|
|c 143562
|d 143562
|
| 020 |
|
|
|a 960382710X (σετ)
|
| 020 |
|
|
|a 9603827126 (τ. 2)
|
| 040 |
|
|
|a GR-PaULI
|b gre
|c GR-PaULI
|d GR-AiPI
|e AACR2
|
| 082 |
0 |
4 |
|a 880.9
|2 23
|
| 100 |
1 |
|
|9 84158
|a Kranz, Walter
|d 1884-
|e συγγραφέας.
|
| 245 |
1 |
0 |
|a Ιστορία της αρχαίας ελληνικής λογοτεχνίας /
|c Kranz Walter, μετάφραση φιλολογική ομάδα Κάκτου βάσει της μετάφρασης του Θρασύβουλου Σταύρου.
|
| 260 |
|
|
|a Αθήνα :
|b Κάκτος,
|c 2006.
|
| 300 |
|
|
|a 2 τ. ;
|c 21 εκ.
|
| 490 |
1 |
|
|a Γράμματα - Επιστήμες - Τέχνες. Βιβλία για Ανθρώπους
|
| 505 |
|
|
|a τ. 2. Κλασική (συν.) και μετακλασική εποχή. - 701 σ. - 2006.
|
| 650 |
|
4 |
|9 11753
|a Ελληνική λογοτεχνία, Αρχαία
|x Ιστορία και κριτική
|
| 700 |
1 |
|
|a Σταύρου, Θρασύβουλος,
|d 1886-1979
|e μεταφραστής.
|9 59327
|
| 710 |
2 |
|
|9 92793
|a Φιλολογική Ομάδα Κάκτου
|
| 830 |
|
0 |
|9 178995
|a Γράμματα - Επιστήμες - Τέχνες. Βιβλία για Ανθρώπους
|
| 942 |
|
|
|2 ddc
|c BK15
|
| 998 |
|
|
|c ΜΙΧΟΣΤΑΥΡΟΥ
|d 2019-11
|